| 000 | 00397 a2200169 4500 | ||
|---|---|---|---|
| 001 | 145790 | ||
| 040 | _cLeonardo Da Vinci | ||
| 041 | _aInglês | ||
| 082 |
_a823 D754s _bD754s |
||
| 100 | _aDOYLE, Sir Arthur Conan | ||
| 245 | _aSherlock Holmes short stories | ||
| 260 |
_bLongman Group _c1994 _aEngland |
||
| 300 | _a122 | ||
| 362 | _a19940000 | ||
| 697 | _aLiteratura inglesa | ||
| 942 | _cBK | ||
| 999 |
_c145790 _d145790 |
||